000 00684nam a2200205 a 4500
001 14756
003 CO-ViMGA
008 141112s2004 ck r 000 u spa d
020 _a95828031O
040 _aCO-ViMGA
_bspa
_cCO-ViMGA
082 0 4 _a616.205 D677
100 1 _aDorstewitz, Hartmut
_921459
245 1 0 _aTratamiento natural de la gripe
260 _aEd. Presencia Santa Fe de Bogotá,
_c1991
300 _a92 p.
505 _aResfriado y tratamiento natural Metodos y remedios naturisticos La capacidad auto curativa de nuestro cuerpo Como se producen los resfriados
650 1 4 _aGRIPE - TRATAMIENTO
_950550
650 1 4 _aRESFRIADO - TRATAMIENTO
_921460
942 _2ddc
_cBK
999 _c25262
_d25262